[Event "4NCL/Div2/CAMB1 vs. OXF1"]
[Site "Birmingham ENG"]
[Date "2005.11.20"]
[Round "4.6"]
[White "Hackett, David G"]
[Black "Regan, Natasha"]
[Result "0-1"]
[WhiteElo "2167"]
[BlackElo "2208"]
[PlyCount "76"]
[EventDate "2005.11.20"]
[SourceDate "2005.10.25"]

1. e4 Nf6 2. Nc3 d5 3. exd5 Nxd5 4. Bc4 c6 5. Nge2 Bg4 6. O-O e6 7. h3 Bh5 8.
Nxd5 cxd5 9. Bb5+ Nc6 10. c3 a6 11. Ba4 b5 12. Bc2 d4 13. Be4 Rc8 14. g4 Bg6
15. Bxc6+ Rxc6 16. Nxd4 Rc5 17. d3 h5 18. g5 Be7 19. h4 e5 20. Nb3 Rd5 21. d4
Qd7 22. Qf3 e4 23. Qg3 O-O 24. Bf4 f6 25. gxf6 Rxf6 26. Be5 Bd6 27. Nc5 Qc6 28.
b4 Bxe5 29. dxe5 Rf3 30. Qh2 Bf5 31. e6 Rxc5 32. bxc5 Qxe6 33. Qd6 Qf7 34. Rfe1
Be6 35. Re3 Qg6+ 36. Kf1 Bc4+ 37. Ke1 Qg1+ 38. Kd2 Rxf2+ 0-1

[Event "4NCL/Div2/CAMB1 vs. OXF1"]
[Site "Birmingham ENG"]
[Date "2005.11.20"]
[Round "4.7"]
[White "Gooding, Ian"]
[Black "Tsai, Cindy"]
[Result "0-1"]
[WhiteElo "2100"]
[BlackElo "2158"]
[PlyCount "56"]
[EventDate "2005.11.20"]
[SourceDate "2005.10.25"]

1. e4 c5 2. Nf3 d6 3. d4 cxd4 4. Nxd4 Nf6 5. Nc3 a6 6. f4 e5 7. Nf3 Qc7 8. a4
Be7 9. Bd3 Nbd7 10. O-O O-O 11. a5 Re8 12. Qe1 Bf8 13. Qh4 b5 14. axb6 Qxb6+
15. Kh1 Bb7 16. fxe5 dxe5 17. b3 Rac8 18. Bb2 Be7 19. Na4 Qc7 20. Qe1 a5 21.
Nc3 Bb4 22. Nb5 Qb6 23. Qe2 Nh5 24. Nxe5 Qh6 25. Nxf7 Ng3+ 26. Kg1 Nxe2+ 27.
Bxe2 Qe3+ 28. Rf2 Bc5 0-1

[Event "4NCL/Div2/CAMB1 vs. OXF1"]
[Site "Birmingham ENG"]
[Date "2005.11.20"]
[Round "4.8"]
[White "Webster, Ian"]
[Black "Jones, Richard M"]
[Result "1/2-1/2"]
[WhiteElo "2119"]
[BlackElo "2072"]
[PlyCount "228"]
[EventDate "2005.11.20"]
[SourceDate "2005.10.25"]

1. e4 e5 2. Nc3 Nf6 3. g3 Nc6 4. Bg2 Bc5 5. Nge2 d6 6. O-O O-O 7. Na4 Bb6 8. d3
Bg4 9. c3 Nd7 10. Nxb6 axb6 11. h3 Be6 12. f4 f6 13. f5 Bf7 14. a3 Nc5 15. Be3
Bb3 16. Qd2 Ba4 17. Nc1 Nb3 18. Nxb3 Bxb3 19. c4 Na5 20. g4 Ba4 21. Rae1 Nb3
22. Qf2 b5 23. Qh4 h6 24. Rf3 bxc4 25. dxc4 Qe7 26. Qf2 Nc5 27. Bc1 Qf7 28. b4
Nb3 29. Bf1 Nd4 30. Rc3 c5 31. h4 Bc6 32. g5 Qh5 33. Rg3 Kf7 34. Rh3 Qg4+ 35.
Bg2 hxg5 36. hxg5 Rh8 37. g6+ Ke7 38. Rg3 Qh4 39. Ree3 Qh2+ 40. Kf1 Qh4 41.
bxc5 dxc5 42. Qb2 Qh5 43. a4 Qd1+ 44. Kf2 Qxa4 45. Ra3 Qc2+ 46. Qxc2 Nxc2 47.
Rxa8 Rxa8 48. Rh3 Nd4 49. Rh7 Rg8 50. Bh6 Kf8 51. Be3 Ke7 52. Bh6 Kf8 53. Be3
Ke8 54. Kf1 Ba4 55. Kf2 Bc2 56. Rh1 Kd7 57. Rc1 Ba4 58. Ra1 Bc6 59. Rh1 Kc7 60.
Rh4 b5 61. cxb5 Bxb5 62. Rh7 Kb6 63. Bc1 Bd3 64. Ke3 c4 65. Bb2 Kc5 66. Ba3+
Kb5 67. Bb2 Nb3 68. Bc3 Nc1 69. Bf3 Na2 70. Be1 Nb4 71. Kd2 Nc2 72. Bh4 Nd4 73.
Ke3 Kb4 74. Bg2 Nc2+ 75. Kd2 Kb3 76. Bf3 Nb4 77. Bd1+ Kb2 78. Rxg7 Rxg7 79.
Bxf6 Bxe4 80. Bxe5+ Kb1 81. Bxg7 Bxf5 82. Bh5 Nd5 83. Be5 Bxg6 84. Bxg6+ Ka2
85. Bf7 Nb4 86. Bxc4+ Ka3 87. Bd6 Ka4 88. Kc3 Nc6 89. Bd5 Kb5 90. Be6 Nd8 91.
Bd5 Nc6 92. Be6 Nd8 93. Bd7+ Kb6 94. Kc4 Nc6 95. Kd5 Na5 96. Be5 Nb7 97. Bc8
Na5 98. Bf4 Nb7 99. Be3+ Kc7 100. Bf5 Nd8 101. Bf4+ Kb6 102. Bd7 Nb7 103. Be3+
Kc7 104. Ba4 Nd8 105. Bd4 Nb7 106. Be8 Nd8 107. Be5+ Kb6 108. Bf6 Kc7 109. Ba4
Nb7 110. Bh4 Nd8 111. Kc5 Nb7+ 112. Kb5 Nd6+ 113. Ka6 Nc8 114. Bg3+ Kd8 1/2-1/2

[Event "4NCL/Div2/PYO vs. WRO"]
[Site "Birmingham ENG"]
[Date "2006.01.14"]
[Round "5.1"]
[White "Rendle, Thomas E"]
[Black "Hanley, Craig A"]
[Result "1/2-1/2"]
[WhiteElo "2340"]
[BlackElo "2402"]
[PlyCount "80"]
[EventDate "2006.01.14"]
[EventType "team"]
[EventRounds "11"]
[EventCountry "ENG"]
[SourceDate "2005.10.25"]

1. e4 e5 2. Nf3 Nc6 3. Bb5 a6 4. Ba4 Nf6 5. O-O Be7 6. Bxc6 dxc6 7. d3 Nd7 8.
Nbd2 O-O 9. Nc4 f6 10. Nh4 Nc5 11. Nf5 Bxf5 12. exf5 Qd5 13. Qg4 Rfd8 14. Nd2
Qd4 15. Ne4 Nxe4 16. dxe4 Qc4 17. c3 Rd7 18. Be3 Rad8 19. a3 Qb5 20. Rab1 Bc5
21. Bxc5 Qxc5 22. Rbd1 Rd2 23. Qh5 Qe7 24. Rxd2 Rxd2 25. Rb1 Qf7 26. Qxf7+ Kxf7
27. Kf1 Ke7 28. g4 a5 29. Kg2 c5 30. Kf3 c4 31. Ke3 Rd3+ 32. Ke2 Rh3 33. Rh1 g5
34. fxg6 hxg6 35. f3 g5 36. Kf2 c6 37. Kg2 Rh8 38. Kg3 b5 39. h4 a4 40. h5 Ke6
1/2-1/2

[Event "4NCL/Div2/PYO vs. WRO"]
[Site "Birmingham ENG"]
[Date "2006.01.14"]
[Round "5.2"]
[White "Kaid, Almar"]
[Black "Dorrington, Christopher"]
[Result "1/2-1/2"]
[WhiteElo "2275"]
[BlackElo "2227"]
[PlyCount "143"]
[EventDate "2006.01.14"]
[EventType "team"]
[EventRounds "11"]
[EventCountry "ENG"]
[SourceDate "2005.10.25"]

1. c4 e6 2. g3 Nf6 3. Bg2 d5 4. Nf3 Be7 5. d4 O-O 6. Qc2 b6 7. O-O Ba6 8. Ne5
c6 9. Rd1 Nfd7 10. cxd5 cxd5 11. Nc3 Bb7 12. Bf4 a6 13. Rac1 Nxe5 14. dxe5 f6
15. exf6 Bxf6 16. e4 d4 17. e5 Bxg2 18. Kxg2 Bg5 19. Bxg5 Qxg5 20. Rxd4 Qxe5
21. Qe4 Qf6 22. Rd2 Ra7 23. Re1 Rd7 24. Rde2 Rd6 25. Qb4 Rc6 26. Qe4 Rd6 27.
Qe3 Qd8 28. Ne4 Rd3 29. Qg5 Nc6 30. Qxd8 Rfxd8 31. Ng5 e5 32. Nf3 Rxf3 33. Kxf3
Nd4+ 34. Ke4 Nxe2 35. Rxe2 Kf7 36. Rc2 Ke6 37. h4 Rd4+ 38. Ke3 g6 39. Rc8 Rd6
40. Ra8 b5 41. g4 Kf6 42. g5+ Ke6 43. Ra7 Rd4 44. Rxh7 Ra4 45. Rg7 Kf5 46. Rf7+
Kg4 47. Rf6 Kxh4 48. Rxg6 Rxa2 49. f4 Kg4 50. fxe5 Kf5 51. Rf6+ Kxe5 52. Rf2
Ra4 53. Rg2 Rd4 54. g6 Rd8 55. g7 Rg8 56. b4 Kd5 57. Kd3 Ke5 58. Ke3 Kd5 59.
Rg4 Ke5 60. Kd3 Kf5 61. Rg1 Ke5 62. Rg6 Rd8+ 63. Kc3 Rg8 64. Kd3 Rd8+ 65. Ke3
Rg8 66. Rg5+ Kf6 67. Kf4 Rxg7 68. Rxg7 Kxg7 69. Ke5 Kf7 70. Kd5 Ke7 71. Kc5 Kd7
72. Kb6 1/2-1/2

[Event "4NCL/Div2/PYO vs. WRO"]
[Site "Birmingham ENG"]
[Date "2006.01.14"]
[Round "5.3"]
[White "Player, Edmund C"]
[Black "Potts, Alan W"]
[Result "1/2-1/2"]
[WhiteElo "2122"]
[BlackElo "2274"]
[PlyCount "94"]
[EventDate "2006.01.14"]
[EventType "team"]
[EventRounds "11"]
[EventCountry "ENG"]
[SourceDate "2005.10.25"]

1. e4 e6 2. d4 d5 3. Nd2 Nc6 4. Ngf3 Nf6 5. exd5 exd5 6. Bb5 Bd6 7. Qe2+ Be6 8.
Ne5 O-O 9. Nxc6 bxc6 10. Bxc6 Rb8 11. Nf1 Rb6 12. Ba4 Rb4 13. Bb3 Rxd4 14. Be3
Re4 15. Nd2 Rg4 16. f3 Rb4 17. c3 Rb7 18. O-O c5 19. c4 Re8 20. Bg5 Be7 21.
cxd5 Nxd5 22. Bxe7 Rexe7 23. Ne4 Nf4 24. Qe3 Bxb3 25. Qxf4 Bc2 26. b3 Bxe4 27.
fxe4 Qd4+ 28. Kh1 Rxe4 29. Qf5 Rd7 30. Rac1 Re5 31. Qf3 Qd5 32. Qf2 h5 33. Rc4
Rf5 34. Rf4 Rxf4 35. Qxf4 g6 36. h3 Kg7 37. Re1 Qd4 38. Qe5+ Qxe5 39. Rxe5 Rc7
40. Kh2 Kf6 41. Re4 Kf5 42. Ra4 g5 43. Kg3 Ke5 44. Kf3 f5 45. Ke3 f4+ 46. Kf3
Kf5 47. Rc4 g4+ 1/2-1/2

[Event "4NCL/Div2/PYO vs. WRO"]
[Site "Birmingham ENG"]
[Date "2006.01.14"]
[Round "5.4"]
[White "Adams, David M"]
[Black "Eckersley-Waites, Tom"]
[Result "1-0"]
[WhiteElo "2240"]
[BlackElo "2116"]
[PlyCount "137"]
[EventDate "2006.01.14"]
[EventType "team"]
[EventRounds "11"]
[EventCountry "ENG"]
[SourceDate "2005.10.25"]

1. e4 c5 2. c3 Nf6 3. e5 Nd5 4. d4 cxd4 5. Bc4 Qc7 6. Qe2 Nb6 7. Bd3 Nc6 8. Nf3
Nb4 9. O-O Nxd3 10. Qxd3 d6 11. exd6 Qxd6 12. cxd4 e6 13. Nc3 a6 14. Qe4 Be7
15. Bf4 Qb4 16. Rfc1 Nd7 17. Qe2 Nf6 18. a3 Qa5 19. Be5 O-O 20. Ng5 Nd7 21. Qh5
Bxg5 22. Qxg5 Nxe5 23. Qxe5 Qxe5 24. dxe5 Bd7 25. f3 Rac8 26. Ne4 Bc6 27. Nc3
Rc7 28. Kf2 Rfc8 29. Rd1 Kf8 30. Rd4 f6 31. Re1 f5 32. Kg3 g5 33. Red1 Ke7 34.
h4 Rg8 35. hxg5 Rxg5+ 36. Kf2 Rc8 37. Ne2 Bb5 38. Nf4 Rc5 39. a4 Be8 40. Re1
Bd7 41. Re2 a5 42. Red2 Bc6 43. Nd3 Rd5 44. Rxd5 Bxd5 45. Nf4 Bc6 46. b3 h6 47.
Rd6 Bd7 48. Rd1 Rg7 49. Rh1 Rh7 50. Ke3 Kd8 51. Rd1 Kc7 52. Rd6 Re7 53. Kf2 Re8
54. Kg3 Kd8 55. Nh5 Ke7 56. Nf6 Rd8 57. Kh4 Bc6 58. Rxd8 Kxd8 59. Kh5 Bd5 60.
Nxd5 exd5 61. Kg6 d4 62. Kf7 d3 63. e6 d2 64. e7+ Kc7 65. e8=Q d1=Q 66. Qe5+
Kc6 67. Qb5+ Kd6 68. Qb6+ Ke5 69. Qc7+ 1-0

[Event "4NCL/Div2/PYO vs. WRO"]
[Site "Birmingham ENG"]
[Date "2006.01.14"]
[Round "5.5"]
[White "Levermore, Peter A"]
[Black "Gayson, Peter M"]
[Result "1-0"]
[WhiteElo "2086"]
[BlackElo "2233"]
[PlyCount "74"]
[EventDate "2006.01.14"]
[EventType "team"]
[EventRounds "11"]
[EventCountry "ENG"]
[SourceDate "2005.10.25"]

1. e4 c5 2. c3 d5 3. exd5 Qxd5 4. d4 Nc6 5. Nf3 Bg4 6. Be2 O-O-O 7. O-O Nf6 8.
h3 Bh5 9. Be3 e5 10. c4 Qd7 11. d5 Bxf3 12. Bxf3 Nd4 13. Nc3 Kb8 14. a3 Rg8 15.
b4 g5 16. bxc5 Bxc5 17. Rb1 g4 18. hxg4 Nxg4 19. Ne4 Qf5 20. Rxb7+ Kxb7 21.
Nxc5+ Kc8 22. Bxd4 Qh5 23. Bxg4+ Rxg4 24. Bxe5 Rdg8 25. Bg3 Rh4 26. Bxh4 Qxh4
27. Qf3 Qxc4 28. Qf5+ Kb8 29. Rb1+ Ka8 30. Qxf7 Rxg2+ 31. Kxg2 Qg4+ 32. Kf1
Qc4+ 33. Kg1 Qg4+ 34. Kf1 Qc4+ 35. Ke1 Qc3+ 36. Ke2 Qc2+ 37. Ke3 Qxc5+ {time}
1-0

[Event "4NCL/Div2/PYO vs. WRO"]
[Site "Birmingham ENG"]
[Date "2006.01.14"]
[Round "5.6"]
[White "Barrett, Steve J"]
[Black "Hillman, Jamie O"]
[Result "1-0"]
[WhiteElo "2189"]
[BlackElo "1999"]
[PlyCount "81"]
[EventDate "2006.01.14"]
[EventType "team"]
[EventRounds "11"]
[EventCountry "ENG"]
[SourceDate "2005.10.25"]

1. d4 Nf6 2. c4 e6 3. Nc3 Bb4 4. e3 c5 5. Nf3 O-O 6. Bd3 Nc6 7. O-O Bxc3 8.
bxc3 d6 9. h3 e5 10. d5 Ne7 11. e4 Ng6 12. Be3 Nh5 13. Re1 Nhf4 14. Bf1 f5 15.
exf5 Bxf5 16. Kh2 Qf6 17. Ng1 Ne7 18. Qd2 Bd7 19. g3 Nfg6 20. f3 Nf5 21. Bf2
Rae8 22. Bd3 Rf7 23. Re2 Ref8 24. Rf1 b6 25. h4 h5 {=} 26. Be1 Nh6 27. Rg2 Bf5
28. Nh3 Bxd3 29. Qxd3 Qf5 30. Qe2 Ng4+ 31. Kg1 e4 32. Ng5 N6e5 33. Nxf7 exf3
34. Nxd6 fxe2 35. Rxf5 Nf3+ 36. Rxf3 Rxf3 37. Rxe2 Ne3 38. Bf2 Ng4 39. Re8+ Kh7
40. Ne4 Nxf2 41. Ng5+ 1-0

[Event "4NCL/Div2/PYO vs. WRO"]
[Site "Birmingham ENG"]
[Date "2006.01.14"]
[Round "5.7"]
[White "Wells, Daniel"]
[Black "Cumbers, Paul"]
[Result "0-1"]
[WhiteElo "1988"]
[BlackElo "2123"]
[PlyCount "48"]
[EventDate "2006.01.14"]
[EventType "team"]
[EventRounds "11"]
[EventCountry "ENG"]
[SourceDate "2005.10.25"]

1. e4 e6 2. d4 d5 3. Nc3 Nf6 4. Bg5 Bb4 5. e5 h6 6. Be3 Ne4 7. Nge2 c5 8. f3
Nxc3 9. bxc3 cxd4 10. cxb4 dxe3 11. c3 Nc6 12. f4 O-O 13. Qd3 Qb6 14. Nd4 f6
15. exf6 Rxf6 16. g3 e5 17. fxe5 Nxe5 18. Qxe3 Nf3+ 19. Kd1 Bd7 20. Bg2 Re8 21.
Qd3 Nxd4 22. Qxd4 Qxd4+ 23. cxd4 Bg4+ 24. Kc1 Rc6+ 0-1

[Event "4NCL/Div2/PYO vs. WRO"]
[Site "Birmingham ENG"]
[Date "2006.01.14"]
[Round "5.8"]
[White "Anandajeyarajah, Thilagini"]
[Black "Hegarty, Sarah"]
[Result "0-1"]
[WhiteElo "1810"]
[BlackElo "1887"]
[PlyCount "78"]
[EventDate "2006.01.14"]
[EventType "team"]
[EventRounds "11"]
[EventCountry "ENG"]
[SourceDate "2005.10.25"]

1. e4 c5 2. Nc3 Nc6 3. g3 g6 4. Bg2 Bg7 5. d3 d6 6. Be3 Rb8 7. Nge2 b5 8. Qd2
b4 9. Nd1 Qb6 10. O-O Ne5 11. f3 h5 12. c3 a5 13. cxb4 axb4 14. Rc1 Qa6 15. b3
Qxd3 16. Nf2 Qxd2 17. Bxd2 Ba6 18. Rfe1 Nf6 19. f4 Ned7 20. e5 dxe5 21. fxe5
Nxe5 22. Rxc5 Nfg4 23. Bf4 Nxf2 24. Bxe5 Bxe5 25. Kxf2 Bf6 26. Rc7 O-O 27. Be4
Rfd8 28. Ke3 Bg5+ 29. Kf3 Rd2 30. Nf4 Rxa2 31. Nd5 e6 32. Nf4 Rd8 33. Bxg6 fxg6
34. Nxe6 Rd3+ 35. Ke4 Bf6 36. Ra7 Rdd2 37. Ra8+ Kf7 38. Rf8+ Kxe6 39. Kf4+ Re2
0-1

[Event "4NCL/Div2/OXF1 vs. WES1"]
[Site "Birmingham ENG"]
[Date "2006.01.14"]
[Round "5.1"]
[White "Savage, Ben D"]
[Black "Simons, Martin J"]
[Result "0-1"]
[WhiteElo "2310"]
[BlackElo "2293"]
[PlyCount "44"]
[EventDate "2006.01.14"]
[EventType "team"]
[EventRounds "11"]
[EventCountry "ENG"]
[SourceDate "2005.10.25"]

1. d4 Nf6 2. Bg5 Ne4 3. Bf4 c5 4. f3 Qa5+ 5. c3 Nf6 6. Nd2 cxd4 7. Nb3 Qb6 8.
Qxd4 Nc6 9. Qxb6 axb6 10. Nd4 e5 11. Nxc6 exf4 12. Nd4 Nd5 13. g3 Ne3 14. gxf4
Bc5 15. Kd2 Nxf1+ 16. Rxf1 Rxa2 17. Kc2 d5 18. e3 Bxd4 19. cxd4 Bf5+ 20. Kc3
O-O 21. Ne2 Rc8+ 22. Kb3 Bc2+ 0-1

[Event "4NCL/Div2/OXF1 vs. WES1"]
[Site "Birmingham ENG"]
[Date "2006.01.14"]
[Round "5.2"]
[White "Allicock, Rawle A"]
[Black "Ozeren, Kemal"]
[Result "1-0"]
[WhiteElo "2302"]
[BlackElo "2286"]
[PlyCount "81"]
[EventDate "2006.01.14"]
[EventType "team"]
[EventRounds "11"]
[EventCountry "ENG"]
[SourceDate "2005.10.25"]

1. d4 d5 2. c4 c6 3. Nf3 Nf6 4. e3 a6 5. Nbd2 g6 6. b3 Bg7 7. Bb2 O-O 8. Bd3
Bg4 9. h3 Bxf3 10. Qxf3 Nbd7 11. cxd5 cxd5 12. O-O Qa5 13. Rfd1 Rac8 14. a3 b5
15. a4 b4 16. Qe2 Nb8 17. Rac1 Qb6 18. Nf3 a5 19. Rc2 Nfd7 20. Rdc1 Qb7 21. Bb5
e6 22. Ne1 Rfd8 23. Nd3 Bf8 24. Nc5 Nxc5 25. dxc5 Qc7 26. c6 Bg7 27. Bxg7 Kxg7
28. Rc5 f6 29. h4 h5 30. g3 Kf7 31. e4 d4 32. e5 f5 33. Qd2 Kg7 34. Bc4 Qe7 35.
Be2 Rc7 36. Qd3 g5 37. hxg5 Qxg5 38. f4 Qe7 39. Bxh5 Rh8 40. Bf3 Kg8 41. Qxd4
1-0

[Event "4NCL/Div2/OXF1 vs. WES1"]
[Site "Birmingham ENG"]
[Date "2006.01.14"]
[Round "5.3"]
[White "Milovanovic, Aleksander"]
[Black "Upton, Ian J"]
[Result "0-1"]
[WhiteElo "2220"]
[BlackElo "2259"]
[PlyCount "48"]
[EventDate "2006.01.14"]
[EventType "team"]
[EventRounds "11"]
[EventCountry "ENG"]
[SourceDate "2005.10.25"]

1. d4 d5 2. c4 c6 3. Nf3 e6 4. e3 Bd6 5. b3 Nf6 6. Bd3 Nbd7 7. Bb2 Qe7 8. Ne5
c5 9. Nd2 O-O 10. O-O b6 11. e4 cxd4 12. Nc6 Qe8 13. exd5 Nc5 14. Bb1 exd5 15.
Nxd4 Nce4 16. N4f3 Bc5 17. Nxe4 dxe4 18. Bxf6 gxf6 19. Qd5 exf3 20. Qxa8 Bxf2+
21. Kh1 Bd4 22. Be4 Bxa1 23. Rxa1 Qe5 24. Rg1 f2 0-1

[Event "4NCL/Div2/OXF1 vs. WES1"]
[Site "Birmingham ENG"]
[Date "2006.01.14"]
[Round "5.4"]
[White "Webb, Richard M"]
[Black "Dickinson, Timothy R"]
[Result "1/2-1/2"]
[WhiteElo "2302"]
[BlackElo "2176"]
[PlyCount "58"]
[EventDate "2006.01.14"]
[EventType "team"]
[EventRounds "11"]
[EventCountry "ENG"]
[SourceDate "2005.10.25"]

1. e4 c6 2. d4 d5 3. Nc3 dxe4 4. Nxe4 Nd7 5. Bc4 Ngf6 6. Ng5 e6 7. Qe2 Nb6 8.
Bd3 c5 9. dxc5 Bxc5 10. Bd2 h6 11. Ne4 Nxe4 12. Qxe4 Qd5 13. Nf3 Bd7 14. Bc3
Qxe4+ 15. Bxe4 O-O 16. Bd4 Rac8 17. O-O-O Bxd4 18. Rxd4 Bc6 19. Bxc6 Rxc6 20.
Rhd1 Nd5 21. Ne5 Rc7 22. Rc4 Rfc8 23. Rxc7 Rxc7 24. Rd4 f6 25. Nd3 Kf7 26. Kd2
Ne7 27. Rd8 e5 28. f3 {=} Nc6 29. Ra8 Rd7 1/2-1/2

[Event "4NCL/Div2/OXF1 vs. WES1"]
[Site "Birmingham ENG"]
[Date "2006.01.14"]
[Round "5.5"]
[White "Shaw, David A"]
[Black "Yeo, Michael J"]
[Result "1-0"]
[WhiteElo "2200"]
[BlackElo "2217"]
[PlyCount "119"]
[EventDate "2006.01.14"]
[EventType "team"]
[EventRounds "11"]
[EventCountry "ENG"]
[SourceDate "2005.10.25"]

1. e4 e5 2. Nf3 Nc6 3. Bc4 Nf6 4. d3 Bc5 5. c3 a6 6. O-O Ba7 7. Be3 d6 8. Bb3
O-O 9. Nbd2 Ne7 10. Nh4 Ng6 11. Nxg6 hxg6 12. Bg5 Qe8 13. Qf3 Nh7 14. Be3 Be6
15. Bxa7 Rxa7 16. Qe3 Ra8 17. f4 Bxb3 18. axb3 exf4 19. Rxf4 g5 20. Rf5 f6 21.
Raf1 Rf7 22. Nf3 g6 23. Ra5 Qe7 24. Qf2 Raf8 25. h4 g4 26. Nh2 f5 27. exf5 gxf5
28. Ra4 Qe6 29. Rb4 f4 30. Qe1 Qxe1 31. Rxe1 g3 32. Nf3 c5 33. Rbe4 Rf5 34. Rf1
Nf6 35. Re6 Rd8 36. d4 Nd5 37. dxc5 dxc5 38. Rd1 Kf7 39. Re4 Re8 40. Rde1 Rxe4
41. Rxe4 Nf6 42. Re5 Kg6 43. Re7 Rd5 44. Kf1 Rd1+ 45. Ke2 Rb1 46. Ne5+ Kf5 47.
Nd3 Kg4 48. Rg7+ Kxh4 49. Rxb7 Kg4 50. Rg7+ Kf5 51. Rf7 Kg6 52. Ra7 Rg1 53.
Nxf4+ Kf5 54. Ke3 Re1+ 55. Ne2 Rb1 56. Nxg3+ Kg4 57. Rg7+ Kh4 58. Kf4 Rxb2 59.
Nf5+ Kh5 60. Rg5# 1-0

[Event "4NCL/Div2/OXF1 vs. WES1"]
[Site "Birmingham ENG"]
[Date "2006.01.14"]
[Round "5.6"]
[White "Tunks, Dominic"]
[Black "Smallbone, Kieran"]
[Result "1/2-1/2"]
[WhiteElo "2155"]
[BlackElo "2194"]
[PlyCount "64"]
[EventDate "2006.01.14"]
[EventType "team"]
[EventRounds "11"]
[EventCountry "ENG"]
[SourceDate "2005.10.25"]

1. e4 c6 2. d4 d5 3. e5 Bf5 4. Nc3 e6 5. g4 Bg6 6. Nge2 Ne7 7. Nf4 c5 8. h4
cxd4 9. Nb5 Nec6 10. h5 Be4 11. f3 a6 12. fxe4 axb5 13. exd5 exd5 14. Qe2 Bb4+
15. Kd1 O-O 16. e6 Re8 17. Bh3 fxe6 18. Nxe6 Qd6 19. g5 d3 20. cxd3 Nd4 21. Bf4
Qa6 22. Nxd4 Rxe2 23. Kxe2 Nc6 24. Ne6 Re8 25. Kf3 Qb6 26. a3 Nd4+ 27. Nxd4
Qxd4 28. axb4 Rf8 29. Be6+ Kh8 30. Bf7 Qxd3+ 31. Kg4 Qe2+ 32. Kg3 Qd3+ 1/2-1/2

[Event "4NCL/Div2/OXF1 vs. WES1"]
[Site "Birmingham ENG"]
[Date "2006.01.14"]
[Round "5.7"]
[White "Webster, Ian"]
[Black "Jenks, Bruce"]
[Result "1/2-1/2"]
[WhiteElo "2119"]
[BlackElo "2120"]
[PlyCount "93"]
[EventDate "2006.01.14"]
[EventType "team"]
[EventRounds "11"]
[EventCountry "ENG"]
[SourceDate "2005.10.25"]

1. e4 c5 2. Nf3 g6 3. c4 Nc6 4. d4 cxd4 5. Nxd4 Nf6 6. Nc3 d6 7. Be2 Nxd4 8.
Qxd4 Bg7 9. Be3 O-O 10. Qd2 Be6 11. Rc1 Qa5 12. O-O Rfc8 13. b3 a6 14. f3 b5
15. Nd5 Qxd2 16. Bxd2 Bxd5 17. cxd5 Nd7 18. Rxc8+ Rxc8 19. Rc1 Rxc1+ 20. Bxc1
Bd4+ 21. Kf1 Kg7 22. Bd3 Nc5 23. Ke2 Bg1 24. Bf4 f6 25. h3 h5 26. Bc2 Kf7 27.
b4 Nd7 28. a4 bxa4 29. Bxa4 Nb6 30. Bc6 e5 31. Bd2 Nc4 32. Bb7 Nxd2 33. Kxd2 h4
34. Bxa6 Ke7 35. Ke2 Bd4 36. Kf1 Bc3 37. b5 Bd4 38. g3 hxg3 39. Kg2 Bf2 40. h4
f5 41. exf5 gxf5 42. b6 Bxb6 43. Kxg3 Kf6 44. f4 Be3 45. fxe5+ dxe5 46. Kf3 Bc5
47. Bd3 1/2-1/2

[Event "4NCL/Div2/OXF1 vs. WES1"]
[Site "Birmingham ENG"]
[Date "2006.01.14"]
[Round "5.8"]
[White "Khoo, Selina"]
[Black "Mangion, Nicola"]
[Result "0-1"]
[WhiteElo "1997"]
[BlackElo "1750"]
[PlyCount "136"]
[EventDate "2006.01.14"]
[EventType "team"]
[EventRounds "11"]
[EventCountry "ENG"]
[SourceDate "2005.10.25"]

1. e4 c5 2. Nf3 d6 3. Bb5+ Bd7 4. Bxd7+ Qxd7 5. O-O Nc6 6. c3 g6 7. d4 cxd4 8.
cxd4 Bg7 9. Nc3 e6 10. d5 Ne5 11. dxe6 fxe6 12. Nd4 Ne7 13. Qb3 d5 14. Rd1 O-O
15. Nde2 Rad8 16. exd5 exd5 17. Nf4 Qf5 18. Ncxd5 Nxd5 19. Rxd5 Kh8 20. Be3
Rxd5 21. Nxd5 b6 22. Rf1 Ng4 23. h3 Nxe3 24. Nxe3 Qc5 25. Nd1 Re8 26. Qf7 Re7
27. Qf3 Rd7 28. Re1 Rd8 29. Qf7 a5 30. Re8+ Rxe8 31. Qxe8+ Qf8 32. Qe3 Qd8 33.
Nc3 Bd4 34. Qd2 Qf6 35. Nd1 Bc5 36. Kf1 Kg7 37. Qd7+ Be7 38. Nc3 Qd6 39. Qxd6
Bxd6 40. Ke2 Bc5 41. Ne4 Be7 42. Kd3 Kf7 43. Kc4 Ke6 44. Kb5 Bd8 45. Nd2 Bf6
46. b3 Bd4 47. Nc4 Bxf2 48. Nxb6 Be1 49. Nc4 Kf5 50. Nxa5 Kf4 51. a4 Kg3 52.
Nc6 g5 53. a5 Kxg2 54. a6 Bf2 55. a7 Bxa7 56. Nxa7 Kxh3 57. Ka6 g4 58. b4 g3
59. b5 g2 60. b6 g1=Q 61. b7 Qg6+ 62. Ka5 Qd6 63. Nc8 Qb8 64. Kb6 h5 65. Na7
Kg2 66. Nc6 Qd6 67. b8=Q Qxb8+ 68. Nxb8 h4 0-1

[Event "4NCL/Div2/WGR3 vs. RICA"]
[Site "Birmingham ENG"]
[Date "2006.01.14"]
[Round "5.1"]
[White "Sowray, Peter J"]
[Black "Van de Griendt, Jan W"]
[Result "1/2-1/2"]
[WhiteElo "2357"]
[BlackElo "2380"]
[PlyCount "119"]
[EventDate "2006.01.14"]
[EventType "team"]
[EventRounds "11"]
[EventCountry "ENG"]
[SourceDate "2005.10.25"]

1. e4 c5 2. c3 e6 3. d4 d5 4. e5 Qb6 5. Nf3 Bd7 6. a3 c4 7. Qc2 Nc6 8. Bf4 Na5
9. Nbd2 h6 10. h4 h5 11. g3 Ne7 12. Bh3 Nb3 13. Nxb3 Ba4 14. Qe2 Qxb3 15. Rc1
Rc8 16. O-O Rc6 17. Ng5 g6 18. f3 Rb6 19. Rf2 Bh6 20. Qd2 Bxg5 21. Bxg5 Rh7 22.
Qf4 Ng8 23. Ra1 Qb5 24. g4 Qd7 25. Rh2 Qc7 26. Rf1 f5 27. gxf5 exf5 28. Qe3 Re6
29. Rg2 Qf7 30. Kh2 Kd7 31. Rfg1 Kc7 32. Qe2 Bc6 33. Rg3 b5 34. Bf1 Kb7 35. Qd2
a6 36. Be2 a5 37. Bd1 a4 38. Bc2 Bd7 39. Qg2 Be8 40. Bf4 Ne7 41. Qd2 Kc8 42.
Bg5 Ng8 43. f4 Qd7 44. Bd1 Bf7 45. Bf3 Nh6 46. Bxh6 Rxh6 47. Rg5 Kc7 48. R1g3
Kc6 49. Kh3 Qd8 50. Qc2 Qd7 51. Kh2 Kc7 52. Kg1 Kc6 53. Kf2 Kc7 54. Ke3 Ra6 55.
Qg2 Qe6 56. Qg1 Rb6 57. Bg2 Rb8 58. Bh3 Rf8 59. Qb1 Be8 60. Bg2 1/2-1/2

[Event "4NCL/Div2/WGR3 vs. RICA"]
[Site "Birmingham ENG"]
[Date "2006.01.14"]
[Round "5.2"]
[White "Bates, Richard A"]
[Black "McDonald, Neil"]
[Result "0-1"]
[WhiteElo "2383"]
[BlackElo "2374"]
[PlyCount "52"]
[EventDate "2006.01.14"]
[EventType "team"]
[EventRounds "11"]
[EventCountry "ENG"]
[SourceDate "2005.10.25"]

1. d4 d5 2. c4 c6 3. Nf3 Nf6 4. Qc2 g6 5. g3 Bg7 6. Bg2 O-O 7. O-O a5 8. Bf4
Na6 9. Rd1 Nb4 10. Qc1 dxc4 11. Ne5 Bf5 12. Nxc4 Bc2 13. Rd2 Be4 14. Nc3 Bxg2
15. Kxg2 Nfd5 16. Rd1 Nxc3 17. Qxc3 Qd5+ 18. f3 Qe6 19. e4 c5 20. Be5 cxd4 21.
Bxd4 Rfc8 22. Rdc1 b5 23. Bxg7 Rxc4 24. Qe5 Qxe5 25. Bxe5 Rxc1 26. Rxc1 Nd3 0-1

[Event "4NCL/Div2/WGR3 vs. RICA"]
[Site "Birmingham ENG"]
[Date "2006.01.14"]
[Round "5.3"]
[White "Tan, Desmond"]
[Black "Wall, Gavin"]
[Result "1/2-1/2"]
[WhiteElo "2323"]
[BlackElo "2348"]
[PlyCount "70"]
[EventDate "2006.01.14"]
[EventType "team"]
[EventRounds "11"]
[EventCountry "ENG"]
[SourceDate "2005.10.25"]

1. e4 e5 2. Nf3 d6 3. d4 exd4 4. Nxd4 Nf6 5. Nc3 Be7 6. Bc4 O-O 7. O-O a6 8. a4
Nc6 9. Nxc6 bxc6 10. Re1 Ng4 11. Be2 Ne5 12. f4 Ng6 13. g3 Rb8 14. Bf3 Bf6 15.
Qd3 c5 16. Rb1 Rb4 17. Nd5 Rxa4 18. c3 Be6 19. Bd1 Ra5 20. Nxf6+ Qxf6 21. c4
Ne7 22. Bd2 Nc6 23. Bc3 Nb4 24. Qe2 Qh6 25. f5 Bd7 26. f6 g6 27. Rf1 Re8 28.
Rf4 Ba4 29. Bxa4 Rxa4 30. Rh4 Qg5 31. Rf1 h5 32. Bd2 Qe5 33. Bc3 Qg5 34. Bd2
Qe5 35. Bc3 Qg5 1/2-1/2